The UnDutchables : An observation of the Netherlands, its culture and its inhabitants
Presents an in-depth humorous look at Dutch life, quirks, customs, and character, with observations of Dutch behavior in the Netherlands and abroad; includes appendices on Dutch idioms, expressions, and homonyms.
Na minha lista:
| Autor principal: | |
|---|---|
| Formato: | Livro |
| Idioma: | Undetermined |
| Publicado em: |
Lafayette, Colorado
White-Boucke
2010
|
| Assuntos: | |
| Tags: |
Adicionar Tag
Sem tags, seja o primeiro a adicionar uma tag!
|
| Thư viện lưu trữ: | Trung tâm Học liệu Trường Đại học Cần Thơ |
|---|
| LEADER | 00886nam a2200217Ia 4500 | ||
|---|---|---|---|
| 001 | CTU_236240 | ||
| 008 | 210402s9999 xx 000 0 und d | ||
| 082 | |a 949.207 | ||
| 082 | |b W582 | ||
| 100 | |a White, Colin | ||
| 245 | 4 | |a The UnDutchables : | |
| 245 | 3 | |b An observation of the Netherlands, its culture and its inhabitants | |
| 245 | 0 | |c Colin White & Laurie Boucke | |
| 260 | |a Lafayette, Colorado | ||
| 260 | |b White-Boucke | ||
| 260 | |c 2010 | ||
| 520 | |a Presents an in-depth humorous look at Dutch life, quirks, customs, and character, with observations of Dutch behavior in the Netherlands and abroad; includes appendices on Dutch idioms, expressions, and homonyms. | ||
| 650 | |a Hà lan,Netherlands | ||
| 650 | |x Đời sống xã hội và phong tục,Social life and customs | ||
| 910 | |b nthai | ||
| 980 | |a Trung tâm Học liệu Trường Đại học Cần Thơ | ||